Vplyv rozvinutosti slovenského kapitálového trhu na financovanie podnikov

Vývoj a príčiny nedostatočného využívania slovenského kapitálového trhu zo strany podnikov. Trhová kapitalizácia a podmienky získavania kapitálu, aktuálne bankové poplatky a vývoj priemerných úrokových mier na Slovensku za sledované obdobie. Možnosti efektívneho využívania slovenského kapitálového t...

Descrizione completa

Salvato in:
Dettagli Bibliografici
Autore principale: Ďurana, Lukáš
Natura: Capitolo di libro
Lingua:slovacco
Soggetti:
Tags: Aggiungi Tag
Nessun Tag, puoi essere il primo ad aggiungerne!!

MARC

LEADER 00000nla a2200000 4500
001 0168033
005 20240502072929.3
041 0 |a slo 
044 |a SK 
245 1 0 |a Vplyv rozvinutosti slovenského kapitálového trhu na financovanie podnikov  |c Lukáš Ďurana 
520 |a Vývoj a príčiny nedostatočného využívania slovenského kapitálového trhu zo strany podnikov. Trhová kapitalizácia a podmienky získavania kapitálu, aktuálne bankové poplatky a vývoj priemerných úrokových mier na Slovensku za sledované obdobie. Možnosti efektívneho využívania slovenského kapitálového trhu pri financovaní podnikov a príčiny jeho slabej rozvinutosti. 
610 2 0 |a Slovensko 
610 2 0 |a trh kapitálový 
610 2 0 |a zdroje finančné 
610 2 0 |a investovanie 
610 2 0 |a financovanie podnikov 
610 2 0 |a politika investičná 
610 2 0 |a kapitalizácia 
100 1 |a Ďurana, Lukáš